Alphabet grec ancien minuscules - nom des lettres - Statistiques

Statistiques générales
  • Ce quiz a été pris 282 fois
    244 depuis la dernière actualisation
  • Le résultat moyen est 19 sur 24
Statistiques - réponses
Par images Réponse % Correct
pi
96%
bêta
93%
rhô
93%
alpha
91%
epsilon
90%
lambda
90%
kappa
87%
oméga
85%
phi
85%
iota
82%
omicron
82%
psi
79%
thêta
79%
gamma
78%
delta
76%
mu
76%
tau
76%
sigma
75%
nu
73%
chi | khi
72%
êta
64%
upsilon
61%
zeta | dzeta
61%
xi | ksi
55%
Aucun quiz correspondant
Distribution des résultats
% des personnes avec chaque résultat
Percentile par nombre de réponses
Votre historique - résultats
Vous n’avez pas pris ce quiz depuis la dernière actualisation